000 01192cam a2200253 4500
001 WB4021-02
008 040603n2004 000 0 eng u
035 _a(Sirsi) u126404
245 _aCash in on office rents
260 _c2004
490 _aConstruction News
_v(6868) 27 May 2004, 1(1)
520 _aDrivers Jonas is urging developers to cash in on rising rents over the next two years by starting work on new office deals. The firm's latest "London crane survey - Q1 2004" reveals that the volume of space under construction in central London has fallen 33% over the last six months. Drivers Jonas believe that the small number of projects on site will create a supply bottleneck in 2006, causing rents to rise. To take advantage, developers need to start building this year. To view the survey, register for free on the Drivers Jonas website http://www.driversjonas.com
590 _aWB
590 _aWB
650 _aDRIVERS JONAS SURVEY
650 _aDEVELOPERS
650 _aCENTRAL LONDON
650 _aOFFICE RENTS
650 _aRENTAL GROWTH
650 _aOFFICE SPACE
650 _aCONSTRUCTION ACTIVITY
690 _aBUILDING AND CONSTRUCTION
942 _n0
999 _c117466
_d117466